000 00756nmm a2200289 a 4500
003 AR-BaBNM
005 20251128211415.0
008 194020s1999 ||||||||||||||000 | spa||
020 _a987-43-1013-8
040 _cAR-BaBNM
100 1 _aRoss, Nancy
245 1 0 _aMecanos
260 _aBuenos Aires
_bEl autor
_c1999
300 0 _a80 p.
_bil., gráfs.
500 0 _aContiene referencias bibliográficas p. 79
650 4 _aENSENANZA DE LAS MATEMATICAS
650 4 _aNUMEROS
650 4 _aGEOMETRIA
650 4 _aCONCEPTOS GEOMETRICOS
650 4 _aFISICA
650 4 _aACTIVIDADES
650 4 _aMEDICION E INSTRUMENTOS DE MEDICION
650 4 _aJUEGOS EDUCATIVOS
653 0 _aESTRATEGIAS DIDACTICAS
942 _cBK
998 _craquel
999 _c19558
_d19558